<?xml version="1.0" encoding="UTF-8"?>
<record
    xmlns:xsi="http://www.w3.org/2001/XMLSchema-instance"
    xsi:schemaLocation="http://www.loc.gov/MARC21/slim http://www.loc.gov/standards/marcxml/schema/MARC21slim.xsd"
    xmlns="http://www.loc.gov/MARC21/slim">

  <leader>00743nam a22002177a 4500</leader>
  <controlfield tag="005">20150630105714.0</controlfield>
  <controlfield tag="008">140714b        xxu||||| |||| 00| 0 Urdu d</controlfield>
  <datafield tag="010" ind1=" " ind2=" ">
    <subfield code="a">UR-9126</subfield>
  </datafield>
  <datafield tag="020" ind1=" " ind2=" ">
    <subfield code="c">200.00</subfield>
  </datafield>
  <datafield tag="035" ind1=" " ind2=" ">
    <subfield code="a">U-7681</subfield>
  </datafield>
  <datafield tag="037" ind1=" " ind2=" ">
    <subfield code="b">DBAD</subfield>
  </datafield>
  <datafield tag="040" ind1=" " ind2=" ">
    <subfield code="a">DPL</subfield>
    <subfield code="b">Urdu</subfield>
  </datafield>
  <datafield tag="082" ind1=" " ind2=" ">
    <subfield code="a"> 841</subfield>
  </datafield>
  <datafield tag="100" ind1=" " ind2=" ">
    <subfield code="a">&#x645;&#x62D;&#x645;&#x62F; &#x627;&#x645;&#x627; &#x646; &#x639;&#x644;&#x6CC; &#x62B;&#x627; &#x642;&#x628;</subfield>
  </datafield>
  <datafield tag="245" ind1=" " ind2=" ">
    <subfield code="a">&#x646;&#x632; &#x631; &#x627; &#x646;&#x6C1; &#x639;&#x642;&#x64A;&#x62F; &#x62A; &#x628;&#x634;&#x627; &#x646; &#x631; &#x633;&#x627; &#x644;&#x62A;</subfield>
    <subfield code="c">&#x645;&#x62D;&#x645;&#x62F; &#x627;&#x645;&#x627; &#x646; &#x639;&#x644;&#x6CC; &#x62B;&#x627; &#x642;&#x628;</subfield>
  </datafield>
  <datafield tag="246" ind1=" " ind2="h">
    <subfield code="a">Nazrana-e-AqeedatBashan-e-Risalat</subfield>
    <subfield code="b">By Mohd Aman Ali Saqib</subfield>
  </datafield>
  <datafield tag="260" ind1=" " ind2=" ">
    <subfield code="b">Atiyab Publishing House</subfield>
    <subfield code="c">2011</subfield>
    <subfield code="a">Hyderabad(A.P)</subfield>
  </datafield>
  <datafield tag="270" ind1=" " ind2=" ">
    <subfield code="a">9-10241,Risala Bazar Qila GoleKanda</subfield>
    <subfield code="b">Hyderabad</subfield>
    <subfield code="k">9849339588</subfield>
    <subfield code="e">8</subfield>
  </datafield>
  <datafield tag="300" ind1=" " ind2=" ">
    <subfield code="a">154&#x635;</subfield>
    <subfield code="c">22Cm (Hb)</subfield>
  </datafield>
  <datafield tag="942" ind1=" " ind2=" ">
    <subfield code="2">ddc</subfield>
    <subfield code="c">UR</subfield>
    <subfield code="e"> </subfield>
    <subfield code="h"> 841</subfield>
    <subfield code="m">&#x62B; &#x627; &#x642;</subfield>
  </datafield>
  <datafield tag="999" ind1=" " ind2=" ">
    <subfield code="c">94543</subfield>
    <subfield code="d">94543</subfield>
  </datafield>
  <datafield tag="952" ind1=" " ind2=" ">
    <subfield code="0">0</subfield>
    <subfield code="1">0</subfield>
    <subfield code="2">ddc</subfield>
    <subfield code="4">0</subfield>
    <subfield code="7">1</subfield>
    <subfield code="8">NFIC</subfield>
    <subfield code="a">DBAD</subfield>
    <subfield code="b">DBAD</subfield>
    <subfield code="d">2015-06-30</subfield>
    <subfield code="e">DBAD/Pub.</subfield>
    <subfield code="g">200.00</subfield>
    <subfield code="l">0</subfield>
    <subfield code="o">841 &#x62B; &#x627; &#x642;</subfield>
    <subfield code="p">U-7681</subfield>
    <subfield code="r">2015-06-30 00:00:00</subfield>
    <subfield code="t">1</subfield>
    <subfield code="v">200.00</subfield>
    <subfield code="w">2015-06-30</subfield>
    <subfield code="y">UR</subfield>
  </datafield>
</record>
